| 000 | 04160cas a2200889 a 4500 | ||
|---|---|---|---|
| 999 |
_c342694 _d342694 |
||
| 001 | 11279015 | ||
| 003 | ASAB | ||
| 005 | 20180116114651.0 | ||
| 008 | 750726d19641984ne br p 0 a0eng c | ||
| 020 | _a978-81-203-3338-3 | ||
| 040 | _cASAB | ||
| 041 | 0 |
_aeng _afre _ager |
|
| 042 |
_ansdp _apcc |
||
| 082 | 0 | 4 |
_a630.251505 _219 |
| 100 |
_aG.S.L.H.V. Prasada Rao _98445 |
||
| 210 | 0 | _aAgric. meteorol. | |
| 222 | 0 | _aAgricultural meteorology | |
| 245 | 0 | 0 | _aAgricultural meteorology. |
| 250 | _aEastern Economy Edition | ||
| 260 |
_aNew Delhi, India. _bPrentice-Hall of india Private Limited. _cc2008 |
||
| 300 |
_axv, 364 p. _billus. _c24 cm |
||
| 650 |
_aMeteorology, Agricultural _98446 |
||
| 730 | 0 |
_aSeri atlas. _98447 |
|
| 906 |
_a7 _bcbc _cserials _d3 _encip _f19 _gn-oclcserc |
||
| 942 |
_2ddc _cBK |
||